[Event "Sparkassen Chess Trophy 2024 A-Open"]
[Site "Dortmund"]
[Date "2024.08.14"]
[Round "5"]
[White "Lang, Daniel"]
[Black "Manukonda Arun"]
[Result "1/2-1/2"]
[WhiteElo "2138"]
[BlackElo "1988"]
[PlyCount "87"]
[EventDate "2024.08.10"]

1. d4 d5 2. c4 c6 3. Nc3 Nf6 4. e3 Bf5 5. cxd5 cxd5 6. Qb3 Nc6 7. Qxb7 Bd7 8. Qb3 Rb8 9. Qd1 e5 10. dxe5 Nxe5 11. Be2 Bd6 12. Nf3 Nxf3+ 13. Bxf3 Qc7 14. h3 O-O 15. O-O Rfd8 16. Qc2 Bh2+ 17. Kh1 Be5 18. Rd1 Rb4 19. Bd2 Rh4 20. Kg1 Bh2+ 21. Kf1 d4 22. exd4 Bb5+ 23. Be2 Bc6 24. Bg5 Rhxd4 25. Rxd4 Rxd4 26. Rd1 Rxd1+ 27. Qxd1 Be5 28. Kg1 h6 29. Bxf6 gxf6 30. Bf3 Bd6 31. Qd2 Kg7 32. Be4 Qb6 33. Nd1 a5 34. Ne3 Qxb2 35. Nf5+ Kg8 36. Qd1 h5 37. g3 Qe5 38. Bb1 Bd7 39. Qd3 Be6 40. Kh2 Bxf5 41. Qxf5 h4 42. Qc8+ Kg7 43. Qg4+ Kf8 44. Qc8+ 1/2-1/2

[Event "Sparkassen Chess Trophy 2024 A-Open"]
[Site "Dortmund"]
[Date "2024.08.14"]
[Round "5"]
[White "Vihan, Shourya"]
[Black "Guo, Philipp Ziming"]
[Result "1/2-1/2"]
[WhiteElo "1998"]
[BlackElo "2146"]
[PlyCount "40"]
[EventDate "2024.08.10"]

1. d4 Nf6 2. c4 e6 3. Nc3 Bb4 4. Qc2 O-O 5. a3 Bxc3+ 6. Qxc3 b6 7. Bg5 Bb7 8. f3 d6 9. e3 Nbd7 10. Bd3 c5 11. Ne2 Rc8 12. Qd2 Qe7 13. O-O d5 14. Rac1 h6 15. Bh4 dxc4 16. Rxc4 Rfd8 17. b4 cxd4 18. Nxd4 Ne5 19. Bf2 Ng6 20. Rxc8 Rxc8 1/2-1/2

[Event "Sparkassen Chess Trophy 2024 A-Open"]
[Site "Dortmund"]
[Date "2024.08.14"]
[Round "5"]
[White "Weigand, Anton"]
[Black "Xue, Luka"]
[Result "1-0"]
[WhiteElo "2115"]
[BlackElo "1992"]
[PlyCount "95"]
[EventDate "2024.08.10"]

1. e4 e6 2. d4 d5 3. Nc3 Nf6 4. Bg5 dxe4 5. Nxe4 Be7 6. Bxf6 gxf6 7. Nc3 f5 8. Qd3 a6 9. g3 c5 10. d5 e5 11. Bg2 Qd6 12. a4 b6 13. Nge2 e4 14. Qe3 Rg8 15. h4 Nd7 16. Nf4 Ne5 17. Qe2 Bd7 18. Bxe4 fxe4 19. Nxe4 Qc7 20. d6 Bxd6 21. O-O-O Be7 22. Nd5 Qc6 23. Nxe7 Kxe7 24. Nc3 f6 25. Qh5 Rg7 26. f4 Bg4 27. Qh6 Kf7 28. fxe5 Bxd1 29. Rxd1 Rf8 30. Ne4 Qxe4 31. Rd7+ Ke6 32. Qxg7 Qe1+ 33. Rd1 Qe3+ 34. Kb1 Rf7 35. Rd6+ Kxe5 36. Qxf7 Kxd6 37. Qxf6+ Qe6 38. Qf8+ Kd5 39. Qa8+ Kd4 40. Qxa6 Qe1+ 41. Ka2 Qxg3 42. Qxb6 Qxh4 43. Qd6+ Ke3 44. Qxc5+ Kd2 45. a5 h5 46. c4 Kc2 47. Qb4 Qf6 48. Qc3+ 1-0

[Event "Sparkassen Chess Trophy 2024 A-Open"]
[Site "Dortmund"]
[Date "2024.08.14"]
[Round "5"]
[White "Stegert, Jonas"]
[Black "Eckert, Marius"]
[Result "1/2-1/2"]
[WhiteElo "1945"]
[BlackElo "2129"]
[PlyCount "29"]
[EventDate "2024.08.10"]

1. d4 d5 2. c4 c6 3. Nf3 Nf6 4. g3 e6 5. Bg2 Nbd7 6. O-O Be7 7. Qd3 O-O 8. Nc3 b6 9. e4 dxe4 10. Nxe4 Bb7 11. Nxf6+ Nxf6 12. Ne5 Rc8 13. Rd1 Qc7 14. Bf4 Nh5 15. Be3 1/2-1/2

[Event "Sparkassen Chess Trophy 2024 A-Open"]
[Site "Dortmund"]
[Date "2024.08.14"]
[Round "5"]
[White "Pipiras, Filipa Fortuna"]
[Black "Ravikumar, Pranava"]
[Result "1-0"]
[WhiteElo "2192"]
[BlackElo "1991"]
[PlyCount "137"]
[EventDate "2024.08.10"]

1. d4 f5 2. c4 Nf6 3. g3 e6 4. Bg2 d5 5. Nh3 c6 6. O-O Bd6 7. Bf4 O-O 8. Nd2 Bxf4 9. Nxf4 g5 10. Nd3 dxc4 11. Ne5 Qxd4 12. Nef3 Qxb2 13. Nxc4 Qb4 14. Qc1 g4 15. Nfe5 Qe7 16. e4 fxe4 17. Qf4 Qg7 18. Bxe4 Nfd7 19. Qe3 Nxe5 20. Nxe5 Nd7 21. Nc4 Nf6 22. Bg2 Bd7 23. Rac1 Nd5 24. Qe2 h5 25. h3 e5 26. hxg4 Bxg4 27. Qxe5 Qxe5 28. Nxe5 Rae8 29. Rfe1 Nf6 30. a4 Re6 31. a5 Rfe8 32. f4 a6 33. Rb1 R8e7 34. Re3 Ne8 35. Reb3 Nd6 36. Bf1 Nb5 37. Bc4 Kg7 38. Bxe6 Bxe6 39. Re3 Bf5 40. Rd1 c5 41. Rd5 Rc7 42. Nc4 Nd4 43. Kf2 Be6 44. Rg5+ Kf8 45. Rc3 Nb5 46. Rc1 Bxc4 47. Rxc4 Nd6 48. Ra4 c4 49. Rxh5 Ne4+ 50. Kf3 Nd2+ 51. Ke2 c3 52. Rh1 Nb3 53. Ra3 c2 54. Rxb3 c1=N+ 55. Rxc1 Rxc1 56. Rxb7 Rc5 57. Kf3 Rxa5 58. Kg4 Ra3 59. f5 a5 60. Ra7 a4 61. Kf4 Ra1 62. g4 a3 63. Kg5 Ke8 64. Kf6 Rg1 65. g5 Rg3 66. g6 Rb3 67. g7 Rg3 68. Rxa3 Rxa3 69. g8=Q+ 1-0

[Event "Sparkassen Chess Trophy 2024 A-Open"]
[Site "Dortmund"]
[Date "2024.08.14"]
[Round "5"]
[White "Van Amerongen, Arjen"]
[Black "Mainka, Alwin"]
[Result "1-0"]
[WhiteElo "2011"]
[BlackElo "2240"]
[PlyCount "69"]
[EventDate "2024.08.10"]

1. d4 Nf6 2. Bf4 e6 3. e3 b6 4. Qf3 d5 5. Nc3 Bb4 6. Nge2 Bb7 7. a3 Be7 8. g4 O-O 9. h4 c5 10. g5 Ne4 11. Nxe4 dxe4 12. Qg4 cxd4 13. Nxd4 Qd5 14. Rd1 Nc6 15. Nb3 Qf5 16. Qxf5 exf5 17. Rd7 Rab8 18. Bxb8 Rxb8 19. Bb5 Bf8 20. Rxb7 Rxb7 21. Bxc6 Rc7 22. Nd4 Bc5 23. Ba4 Bxd4 24. exd4 Rc4 25. Bb3 Rxd4 26. Ke2 g6 27. Rd1 Rxd1 28. Kxd1 Kg7 29. Ke2 f6 30. Ke3 fxg5 31. hxg5 h5 32. gxh6+ Kxh6 33. Kf4 Kh5 34. Bf7 Kh6 35. Be8 1-0

[Event "Sparkassen Chess Trophy 2024 A-Open"]
[Site "Dortmund"]
[Date "2024.08.14"]
[Round "5"]
[White "Krueger, Andre"]
[Black "Mainka, Romuald"]
[Result "0-1"]
[WhiteElo "2018"]
[BlackElo "2370"]
[PlyCount "46"]
[EventDate "2024.08.10"]

1. c4 e5 2. Nc3 Bb4 3. Qb3 a5 4. e3 Nf6 5. Nge2 O-O 6. a3 Be7 7. Ng3 d6 8. Be2 Re8 9. O-O Bf8 10. Qc2 Nc6 11. Nd5 Nxd5 12. cxd5 Ne7 13. Bc4 Bd7 14. d3 c6 15. dxc6 Bxc6 16. Qe2 d5 17. Ba2 Bb5 18. f3 Qb6 19. a4 Ba6 20. Bd2 Rad8 21. Kh1 Nc6 22. Be1 g6 23. Bb1 f5 0-1

[Event "Sparkassen Chess Trophy 2024 A-Open"]
[Site "Dortmund"]
[Date "2024.08.14"]
[Round "5"]
[White "Ranieri, Pierpaolo"]
[Black "Mainka, Gregor"]
[Result "0-1"]
[WhiteElo "1909"]
[BlackElo "2210"]
[PlyCount "74"]
[EventDate "2024.08.10"]

1. d4 e6 2. c4 d5 3. Nf3 c6 4. c5 b6 5. cxb6 c5 6. Qb3 Bb7 7. Bf4 c4 8. Qc2 Qxb6 9. e3 Nf6 10. Be2 Nbd7 11. Nc3 Be7 12. h3 O-O 13. O-O Rfc8 14. Rab1 Bd6 15. Bxd6 Qxd6 16. Rfc1 Rc7 17. Rd1 Rac8 18. Rdc1 h6 19. Ra1 Nh7 20. Rd1 f5 21. Rac1 g5 22. g4 Rf8 23. Rf1 Kg7 24. Nh2 f4 25. Nf3 fxe3 26. h4 gxh4 27. Nxh4 exf2+ 28. Kg2 Rf6 29. Bf3 Qf4 30. Ne2 Qg5 31. Kg3 Rc8 32. Ng2 Rcf8 33. Rxf2 h5 34. Rh1 Rxf3+ 35. Rxf3 Qxg4+ 36. Kh2 Rxf3 37. Ngf4 Rf2+ 0-1

[Event "Sparkassen Chess Trophy 2024 A-Open"]
[Site "Dortmund"]
[Date "2024.08.14"]
[Round "5"]
[White "Kruse, Victor"]
[Black "Karaissaridis, Christos"]
[Result "1-0"]
[WhiteElo "2063"]
[BlackElo "1902"]
[PlyCount "85"]
[EventDate "2024.08.10"]

1. d4 g6 2. c4 Nf6 3. Nc3 Bg7 4. e4 d6 5. Nf3 O-O 6. Be2 e5 7. Be3 exd4 8. Nxd4 Re8 9. f3 c6 10. Bf2 d5 11. exd5 cxd5 12. O-O Nc6 13. c5 Bf8 14. Kh1 Nh5 15. Qd2 Be6 16. g3 Ng7 17. Bb5 Qc7 18. b4 a5 19. a3 Red8 20. Na4 Ne7 21. Nb6 Ra7 22. g4 Nc8 23. Bg3 Qe7 24. Bb8 Nxb6 25. Bxa7 Nc4 26. Qf2 Ra8 27. Bxc4 Rxa7 28. Bd3 Ne8 29. Rae1 axb4 30. axb4 Ra3 31. Bb1 Bg7 32. f4 Qf6 33. Nb5 Rb3 34. g5 Qd8 35. f5 gxf5 36. Bxf5 Qd7 37. Bxe6 fxe6 38. Nd4 Rxb4 39. Nxe6 Rb2 40. Qf5 Qc6 41. Qf7+ Kh8 42. Qf8+ Bxf8 43. Rxf8# 1-0

[Event "Sparkassen Chess Trophy 2024 A-Open"]
[Site "Dortmund"]
[Date "2024.08.14"]
[Round "5"]
[White "Bernig Le Duigou, Vincent"]
[Black "Murawski, Jan"]
[Result "1/2-1/2"]
[WhiteElo "1876"]
[BlackElo "2093"]
[PlyCount "69"]
[EventDate "2024.08.10"]

1. d4 Nf6 2. c4 e6 3. Nc3 d5 4. cxd5 exd5 5. Bg5 Be7 6. e3 c6 7. Bd3 h6 8. Bh4 O-O 9. Nge2 Ne4 10. Bxe7 Qxe7 11. Bxe4 dxe4 12. Qc2 f5 13. Nf4 Qf7 14. O-O Na6 15. Rfd1 g5 16. Nfe2 Be6 17. Qa4 Nc7 18. Qa5 Rfe8 19. b3 Kh7 20. Rac1 Qd7 21. d5 Bxd5 22. Nxd5 Nxd5 23. Nc3 Rec8 24. Nxd5 cxd5 25. Rxc8 Rxc8 26. Qxa7 Rc2 27. h3 Qc6 28. Qd4 Rc1 29. Rxc1 Qxc1+ 30. Kh2 Qc7+ 31. g3 Qd6 32. Qa7 Qc7 33. Qd4 Qd6 34. Qa7 Qc7 35. Qd4 1/2-1/2

[Event "Sparkassen Chess Trophy 2024 A-Open"]
[Site "Dortmund"]
[Date "2024.08.14"]
[Round "5"]
[White "Janssen, Thorben"]
[Black "Malinowsky, Levi"]
[Result "0-1"]
[WhiteElo "1920"]
[BlackElo "2006"]
[PlyCount "106"]
[EventDate "2024.08.10"]

1. e4 c5 2. Nc3 Nc6 3. f4 g6 4. Nf3 Bg7 5. a4 e6 6. e5 d6 7. Bb5 Nge7 8. Ne4 dxe5 9. fxe5 O-O 10. Nf6+ Kh8 11. d4 Nxd4 12. c3 Nxb5 13. Qxd8 Rxd8 14. Ng5 Rf8 15. axb5 Bxf6 16. exf6 Nd5 17. O-O e5 18. Ra4 Bf5 19. Nxh7 Kxh7 20. Rh4+ Kg8 21. g4 Be4 22. Bh6 g5 23. Rh5 Bg6 24. Rxg5 Rfe8 25. Rxg6+ Kh7 26. Rg7+ Kxh6 27. g5+ Kh5 28. Rxf7 Kxg5 29. Rg7+ Kh6 30. Rxb7 Rg8+ 31. Kh1 Nf4 32. Ra1 Nh3 33. Rg7 Rxg7 34. fxg7 Kxg7 35. b6 a6 36. Kg2 Ng5 37. Ra5 Rb8 38. Rxc5 Rxb6 39. b4 Kf6 40. h4 Ne4 41. Rc8 Kf5 42. Kf3 Rd6 43. Rf8+ Nf6 44. Ke3 e4 45. c4 Ke5 46. Rc8 Rd3+ 47. Ke2 Rb3 48. Rb8 Rb2+ 49. Kd1 e3 50. c5 Ne4 51. Re8+ Kd4 52. c6 e2+ 53. Ke1 Ke3 0-1

[Event "Sparkassen Chess Trophy 2024 A-Open"]
[Site "Dortmund"]
[Date "2024.08.14"]
[Round "5"]
[White "Neumair, Jerome"]
[Black "Krams, Amatus"]
[Result "0-1"]
[WhiteElo "2091"]
[BlackElo "1902"]
[PlyCount "80"]
[EventDate "2024.08.10"]

1. d4 d5 2. c4 c6 3. Nc3 Nf6 4. e3 e6 5. Nf3 Nbd7 6. Be2 Bd6 7. O-O O-O 8. a4 a5 9. Qc2 Re8 10. Rd1 Qe7 11. h3 dxc4 12. Bxc4 e5 13. Bb3 h6 14. Nh4 Nf8 15. Nf5 Bxf5 16. Qxf5 e4 17. h4 g6 18. Qh3 h5 19. Bc2 Rad8 20. Bd2 Bc7 21. Rac1 N8d7 22. g3 Nb6 23. Qf1 Nbd5 24. Nxd5 Rxd5 25. Bb3 Rf5 26. Qg2 Ng4 27. Be1 Bd6 28. Rc2 Bb4 29. Bc4 Bxe1 30. Rxe1 Qb4 31. Ra1 Kg7 32. Bf1 Qb3 33. Rd2 Re6 34. Ra3 Qb4 35. Re2 Ref6 36. Qxe4 Rxf2 37. Rxf2 Rxf2 38. Qb1 Qd6 39. e4 Qxd4 40. Rd3 Rxf1+ 0-1

[Event "Sparkassen Chess Trophy 2024 A-Open"]
[Site "Dortmund"]
[Date "2024.08.14"]
[Round "5"]
[White "Koehler, Ronald"]
[Black "Reinhardt, Johannes"]
[Result "1-0"]
[WhiteElo "2104"]
[BlackElo "1925"]
[PlyCount "111"]
[EventDate "2024.08.10"]

1. d4 Nf6 2. c4 c6 3. Nf3 d5 4. Nc3 e6 5. Bg5 Be7 6. e3 h6 7. Bh4 Nbd7 8. Rc1 Ne4 9. Nxe4 dxe4 10. Bxe7 Qxe7 11. Nd2 Nf6 12. c5 O-O 13. Nc4 Nd5 14. Be2 b5 15. Nd6 f5 16. g3 a5 17. O-O g5 18. a4 b4 19. Bc4 Ba6 20. Bxa6 Rxa6 21. Nc4 g4 22. Ne5 Qe8 23. h3 gxh3 24. Kh2 Nf6 25. Rh1 Qh5 26. Qxh5 Nxh5 27. Kxh3 Kg7 28. Kg2 Nf6 29. Rh4 h5 30. b3 Rg8 31. Rch1 Rh8 32. R1h3 Ng4 33. Nxg4 fxg4 34. Rh1 Raa8 35. Rxh5 Rxh5 36. Rxh5 Kf6 37. Re5 Rc8 38. Rxe4 Kf5 39. Re5+ Kf6 40. Re4 Kf5 41. Rf4+ Kg5 42. f3 gxf3+ 43. Kxf3 Kg6 44. Ke4 Rh8 45. Rg4+ Kf6 46. Rh4 Rg8 47. Rh6+ Ke7 48. Rh7+ Kd8 49. Ke5 Rxg3 50. Kd6 Kc8 51. Kxc6 Kd8 52. Kd6 Ke8 53. Re7+ Kd8 54. Rxe6 Rg7 55. c6 Rd7+ 56. Kc5 1-0

[Event "Sparkassen Chess Trophy 2024 A-Open"]
[Site "Dortmund"]
[Date "2024.08.14"]
[Round "5"]
[White "Padilla Garcia, Cecilia Xasive"]
[Black "Gallas, Noel"]
[Result "0-1"]
[WhiteElo "1950"]
[BlackElo "2053"]
[PlyCount "94"]
[EventDate "2024.08.10"]

1. e4 c5 2. Nf3 d6 3. d4 cxd4 4. Nxd4 Nf6 5. Nc3 a6 6. f3 e5 7. Nb3 Be7 8. Be3 Be6 9. Qd2 O-O 10. O-O-O Qc7 11. Kb1 b5 12. g4 b4 13. Nd5 Bxd5 14. exd5 a5 15. h4 a4 16. Nc1 Ra5 17. Qxb4 Nxd5 18. Rxd5 Rxd5 19. Bc4 Nc6 20. Qb6 Qxb6 21. Bxb6 Rd2 22. Be3 Rg2 23. Nd3 Re2 24. Bc1 e4 25. Nf4 Rf2 26. fxe4 Ne5 27. Nd3 Rg2 28. Nxe5 dxe5 29. g5 Rc8 30. b3 a3 31. Rf1 Rf8 32. Rd1 Rg4 33. Rd7 Bb4 34. h5 Kh8 35. g6 hxg6 36. hxg6 fxg6 37. c3 Ba5 38. Rd1 Rh4 39. Bxa3 Rd8 40. Rg1 Rd2 41. b4 Bb6 42. Rf1 Rf2 43. Re1 g5 44. Bc1 g4 45. a4 g3 46. a5 g2 47. Rg1 Rh1 0-1

[Event "Sparkassen Chess Trophy 2024 A-Open"]
[Site "Dortmund"]
[Date "2024.08.14"]
[Round "5"]
[White "Diduh, Ihor"]
[Black "Slanina, Aaron"]
[Result "1-0"]
[WhiteElo "2058"]
[BlackElo "2001"]
[PlyCount "109"]
[EventDate "2024.08.10"]

1. e4 c5 2. d4 cxd4 3. c3 Nf6 4. e5 Nd5 5. Qxd4 e6 6. Bc4 Nc6 7. Qe4 Nb6 8. Bb3 d6 9. exd6 Bxd6 10. Nf3 Nd7 11. O-O Nc5 12. Qg4 Nxb3 13. Qxg7 Nxa1 14. Qxh8+ Kd7 15. Qxh7 Qe7 16. Qd3 e5 17. Nbd2 Kc7 18. Nc4 Bg4 19. Bg5 f6 20. Qxd6+ Qxd6 21. Nxd6 Kxd6 22. Bxf6 Nc2 23. h3 Bf5 24. g4 Rg8 25. Kh2 Be4 26. Kg3 Rf8 27. Ng5 Bd5 28. Rd1 Kc5 29. Bg7 Rg8 30. Bf6 Rg6 31. Rc1 Rxf6 32. Rxc2 Kc4 33. Rd2 Ne7 34. Re2 Ng6 35. h4 Kd3 36. Re3+ Kc2 37. h5 Nf4 38. Rxe5 Bxa2 39. Ne4 Rf7 40. Nd6 Rf8 41. Nf5 Nd3 42. Re7 Nxb2 43. Rxb7 a5 44. Ra7 a4 45. c4 Kc3 46. h6 Bxc4 47. h7 Kb4 48. g5 a3 49. g6 a2 50. Ne3 Na4 51. g7 Rc8 52. Nc2+ Kb3 53. h8=Q Kxc2 54. Qxc8 a1=Q 55. Qxc4+ 1-0

[Event "Sparkassen Chess Trophy 2024 A-Open"]
[Site "Dortmund"]
[Date "2024.08.14"]
[Round "5"]
[White "Hagenmeyer, Felix"]
[Black "Cornelisse, Sam"]
[Result "1/2-1/2"]
[WhiteElo "1998"]
[BlackElo "2119"]
[PlyCount "43"]
[EventDate "2024.08.10"]

1. e4 e5 2. Nf3 Nc6 3. Bc4 Bc5 4. c3 Nf6 5. d3 O-O 6. O-O d5 7. exd5 Nxd5 8. Re1 Bg4 9. Nbd2 Kh8 10. h3 Bxf3 11. Nxf3 f6 12. Bb3 a5 13. d4 exd4 14. cxd4 Bb4 15. Bd2 Qd7 16. a3 Bxd2 17. Qxd2 Rad8 18. Rad1 Rfe8 19. Rxe8+ Rxe8 20. Ba4 Ra8 21. Qd3 Nb6 22. Bc2 1/2-1/2

[Event "Sparkassen Chess Trophy 2024 A-Open"]
[Site "Dortmund"]
[Date "2024.08.14"]
[Round "5"]
[White "Steinle, Carsten"]
[Black "Akhmatovski, Maxim"]
[Result "1-0"]
[WhiteElo "2017"]
[BlackElo "2078"]
[PlyCount "81"]
[EventDate "2024.08.10"]

1. Nf3 d5 2. g3 Nc6 3. d4 Bf5 4. Bg2 Nb4 5. Na3 e6 6. c3 Nc6 7. Nc2 h6 8. O-O Nf6 9. Nce1 Be7 10. Nd3 O-O 11. Nfe5 Nxe5 12. Nxe5 c5 13. Be3 Bd6 14. c4 Qe7 15. Rc1 Rfd8 16. Qb3 cxd4 17. Bxd4 Ne4 18. Rfd1 f6 19. Nd3 e5 20. Be3 d4 21. c5+ Be6 22. cxd6 Nxd6 23. Bd5 Bxd5 24. Qxd5+ Nf7 25. Qe4 dxe3 26. Qxe3 Rd4 27. Rc3 Ng5 28. Rdc1 Qe6 29. h4 Ne4 30. Rc7 Nd6 31. Nc5 Qxa2 32. Nxb7 Qxb2 33. Nxd6 Rxd6 34. Re7 Rd4 35. Rcc7 Qb1+ 36. Kg2 Rg4 37. Qf3 Qe4 38. Rxg7+ Rxg7 39. Rxg7+ Kxg7 40. Qxe4 Rg8 41. Qc4 1-0

[Event "Sparkassen Chess Trophy 2024 A-Open"]
[Site "Dortmund"]
[Date "2024.08.14"]
[Round "5"]
[White "Thiel, Thomas"]
[Black "Kock, Stefan"]
[Result "1-0"]
[WhiteElo "2129"]
[BlackElo "2029"]
[PlyCount "61"]
[EventDate "2024.08.10"]

1. e4 c5 2. Nf3 a6 3. c3 d5 4. exd5 Qxd5 5. d4 e6 6. Be2 Nf6 7. O-O Nc6 8. Be3 cxd4 9. Nxd4 e5 10. Bf3 e4 11. Be2 Be7 12. Nd2 Nxd4 13. Bxd4 Qg5 14. Bxf6 Qxf6 15. Nxe4 Qf4 16. Bf3 O-O 17. Ng3 Rd8 18. Qb3 Rb8 19. Rad1 Rf8 20. Rd4 Qh6 21. Bd5 Bc5 22. Rc4 Bd6 23. Qd1 Kh8 24. Qf3 Bd7 25. Rd1 Bb5 26. Re4 Bd7 27. h3 f5 28. Ree1 b6 29. Be6 Bxe6 30. Rxd6 Rf6 31. Nh5 1-0

[Event "Sparkassen Chess Trophy 2024 A-Open"]
[Site "Dortmund"]
[Date "2024.08.14"]
[Round "5"]
[White "Reuter, Julian-Frank"]
[Black "Kosev, Momchil"]
[Result "0-1"]
[WhiteElo "2091"]
[BlackElo "1988"]
[PlyCount "134"]
[EventDate "2024.08.10"]

1. Nf3 d5 2. g3 c5 3. Bg2 Nc6 4. d4 e6 5. O-O cxd4 6. Nxd4 Bc5 7. Nb3 Bb6 8. c4 Nge7 9. cxd5 exd5 10. Nc3 O-O 11. Na4 d4 12. Bd2 h5 13. Bg5 Re8 14. Bxc6 bxc6 15. Nxb6 Qxb6 16. Qxd4 Nf5 17. Qxb6 axb6 18. Rfe1 Be6 19. e3 f6 20. Bf4 g5 21. Bc7 Ra6 22. Nd4 Nxd4 23. exd4 Kf7 24. f4 Rc8 25. Bd6 Rd8 26. Bb4 gxf4 27. gxf4 Rxd4 28. f5 Rg4+ 29. Kf2 Rf4+ 30. Ke3 Rxb4 31. fxe6+ Kxe6 32. Kd3+ Kf7 33. Kc3 Rh4 34. Re2 Ra5 35. Rd1 Rc5+ 36. Kb3 Rh3+ 37. Kb4 Re5 38. Rxe5 fxe5 39. Rd2 Ke6 40. Kc4 Rh4+ 41. Kc3 c5 42. b3 b5 43. Rg2 Rh3+ 44. Kc2 Kd5 45. Rd2+ Ke4 46. Re2+ Kf4 47. Rf2+ Ke3 48. Rd2 Ke4 49. Re2+ Kf5 50. Rf2+ Kg4 51. Re2 Kf5 52. Rf2+ Ke6 53. a3 e4 54. a4 bxa4 55. bxa4 Ra3 56. Rf4 Rxa4 57. Rh4 Kd5 58. Rxh5+ Kd4 59. Rh8 Rc4+ 60. Kd2 e3+ 61. Kd1 Kd3 62. Re8 Ra4 63. Rd8+ Rd4 64. Ra8 c4 65. h3 c3 66. Ra3 e2+ 67. Ke1 Rf4 0-1

[Event "Sparkassen Chess Trophy 2024 A-Open"]
[Site "Dortmund"]
[Date "2024.08.14"]
[Round "5"]
[White "Stevens, Titus"]
[Black "Menzel, Maximilian"]
[Result "1/2-1/2"]
[WhiteElo "2005"]
[BlackElo "2164"]
[PlyCount "124"]
[EventDate "2024.08.10"]

1. c4 e5 2. Nc3 Bb4 3. Nd5 Bc5 4. e3 Nf6 5. b4 Be7 6. Nxe7 Qxe7 7. Bb2 O-O 8. Ne2 c6 9. c5 d5 10. cxd6 Qxd6 11. Ng3 Be6 12. a3 Nbd7 13. Be2 a5 14. bxa5 Rxa5 15. O-O Nb6 16. f4 exf4 17. Rxf4 Nbd5 18. Rf1 Rd8 19. Kh1 Qe7 20. Qb1 Ng4 21. Nf5 Bxf5 22. Qxf5 Nh6 23. Qf3 Nf6 24. Bc3 Rf5 25. Qg3 Qd6 26. Qh4 Re8 27. Rxf5 Nxf5 28. Qg5 Ne7 29. Rf1 Ng6 30. Bc4 b5 31. Bb3 Qd3 32. Qf5 Qxf5 33. Rxf5 Ra8 34. Bb2 Ne7 35. Rf1 Ned5 36. Rc1 b4 37. a4 Nc7 38. Kg1 Rd8 39. Bxf6 gxf6 40. d4 Nd5 41. Bxd5 cxd5 42. Rb1 Rb8 43. Kf2 b3 44. Ke2 Kf8 45. Kd3 Rb4 46. Kc3 Rxa4 47. Kxb3 Ra8 48. Rf1 Ke7 49. Rf5 Ke6 50. Rh5 Rg8 51. g3 Rg7 52. Rh6 Kf5 53. Kb4 Ke4 54. Rxf6 Kxe3 55. Rf4 Rg5 56. Kc5 f5 57. Kd6 Kd3 58. h4 Rxg3 59. Kxd5 Rg4 60. Rf3+ Ke2 61. Rxf5 Ke3 62. Ke5 Rxd4 1/2-1/2

[Event "Sparkassen Chess Trophy 2024 A-Open"]
[Site "Dortmund"]
[Date "2024.08.14"]
[Round "5"]
[White "Winkler, Yonathan"]
[Black "Michalke, Guenter"]
[Result "1/2-1/2"]
[WhiteElo "2047"]
[BlackElo "2174"]
[PlyCount "69"]
[EventDate "2024.08.10"]

1. e4 c5 2. Nf3 d6 3. d4 cxd4 4. Nxd4 Nf6 5. Nc3 a6 6. f3 e5 7. Nb3 Be6 8. Be3 Be7 9. Qd2 h5 10. a4 Nbd7 11. a5 Rc8 12. Be2 g6 13. O-O Kf8 14. Nd5 Bxd5 15. exd5 Kg7 16. c4 h4 17. Rac1 Nh5 18. Rfd1 Nf4 19. Bf1 Bg5 20. g3 hxg3 21. hxg3 Nh3+ 22. Bxh3 Rxh3 23. Kg2 Qh8 24. Rh1 Bxe3 25. Qxe3 Qh6 26. Qxh6+ Rxh6 27. Rxh6 Kxh6 28. Nd2 f5 29. b4 Kg7 30. Kf2 Nf6 31. Rh1 e4 32. Re1 Nd7 33. fxe4 Ne5 34. Ke2 Nxc4 35. Rc1 1/2-1/2

[Event "Sparkassen Chess Trophy 2024 A-Open"]
[Site "Dortmund"]
[Date "2024.08.14"]
[Round "5"]
[White "Wichtrup, Jan-Louis"]
[Black "Stork, Simon"]
[Result "1-0"]
[WhiteElo "2138"]
[BlackElo "2055"]
[PlyCount "53"]
[EventDate "2024.08.10"]

1. e4 e5 2. Nf3 Nc6 3. d4 exd4 4. Nxd4 Bb4+ 5. c3 Bc5 6. Be3 Bb6 7. Nf5 Bxe3 8. Nxe3 d6 9. c4 Nge7 10. Nc3 Ng6 11. Qd2 b6 12. O-O-O Bb7 13. g3 O-O 14. f4 Re8 15. Bg2 Nf8 16. h4 a6 17. Kb1 Na5 18. h5 h6 19. Ncd5 Bxd5 20. cxd5 Nb7 21. Nf5 Qf6 22. Rhe1 a5 23. Nd4 Nc5 24. Nc6 Nfd7 25. Qe3 b5 26. g4 Nb8 27. g5 1-0

[Event "Sparkassen Chess Trophy 2024 A-Open"]
[Site "Dortmund"]
[Date "2024.08.14"]
[Round "5"]
[White "Pfaltz, Maximilian"]
[Black "Moeller, Maurin"]
[Result "0-1"]
[WhiteElo "2061"]
[BlackElo "2082"]
[PlyCount "52"]
[EventDate "2024.08.10"]

1. e4 c5 2. Nf3 g6 3. Nc3 Bg7 4. d4 cxd4 5. Nxd4 Nc6 6. Be3 Nf6 7. Bc4 O-O 8. Bb3 Re8 9. f3 e6 10. f4 d6 11. O-O a6 12. Kh1 Qc7 13. Qf3 Bd7 14. Nde2 b5 15. Ng3 Rac8 16. Rae1 Na5 17. e5 Bc6 18. exd6 Qxd6 19. Qe2 b4 20. Rd1 Qc7 21. Qxa6 bxc3 22. Bb6 Bxg2+ 23. Kxg2 Qc6+ 24. Bd5 Nxd5 25. Qxa5 Ne3+ 26. Kg1 Qg2# 0-1

[Event "Sparkassen Chess Trophy 2024 A-Open"]
[Site "Dortmund"]
[Date "2024.08.14"]
[Round "5"]
[White "Wagner, Alexej"]
[Black "Mann, Gergely"]
[Result "1-0"]
[WhiteElo "2201"]
[BlackElo "2062"]
[PlyCount "97"]
[EventDate "2024.08.10"]

1. d4 Nf6 2. c4 e6 3. Nc3 Bb4 4. Qc2 d5 5. cxd5 exd5 6. Bf4 c5 7. dxc5 O-O 8. e3 Nc6 9. Nf3 Bxc5 10. Be2 Qe7 11. Rd1 Rd8 12. O-O a6 13. Rfe1 Be6 14. h3 Rac8 15. Bg5 Ba7 16. Qa4 h6 17. Bf4 Bf5 18. Bh2 Rd7 19. Bd3 Bxd3 20. Rxd3 Qe6 21. Red1 Rcd8 22. Ne2 Ne4 23. b4 Qf6 24. Qb3 d4 25. exd4 Bxd4 26. Nexd4 Rxd4 27. Rxd4 Rxd4 28. Nxd4 Qxf2+ 29. Kh1 Nxd4 30. Qd3 Qc2 31. Qxc2 Nxc2 32. Rd8+ Kh7 33. Rd7 Nxb4 34. Rd4 Nf2+ 35. Kg1 Nc6 36. Rf4 Nd3 37. Rxf7 b5 38. Rc7 Ncb4 39. a3 Na2 40. Bd6 a5 41. Bf8 Kg6 42. Rxg7+ Kf5 43. Ra7 b4 44. Rxa5+ Kg6 45. axb4 Naxb4 46. Bxb4 Nxb4 47. Kf2 h5 48. Ke3 Nc2+ 49. Ke4 1-0

[Event "Sparkassen Chess Trophy 2024 A-Open"]
[Site "Dortmund"]
[Date "2024.08.14"]
[Round "5"]
[White "Riemland, Arnold"]
[Black "Herrmann, Jakob"]
[Result "1/2-1/2"]
[WhiteElo "2112"]
[BlackElo "2065"]
[PlyCount "93"]
[EventDate "2024.08.10"]

1. d4 d5 2. Bf4 e6 3. Nf3 Nf6 4. e3 c5 5. c3 Bd6 6. Bg3 Qc7 7. Bd3 O-O 8. Nbd2 Nbd7 9. O-O b6 10. e4 Bxg3 11. hxg3 dxe4 12. Nxe4 Bb7 13. Qe2 Bxe4 14. Bxe4 Nxe4 15. Qxe4 Nf6 16. Qh4 Rad8 17. dxc5 Qxc5 18. Rad1 Qb5 19. Qb4 Qxb4 20. cxb4 Rxd1 21. Rxd1 Nd5 22. b5 Rc8 23. Nd4 Kf8 24. Rd3 Rc4 25. a3 g6 26. f4 h5 27. Kf2 Ke7 28. b3 Rc7 29. Kf3 Kd6 30. g4 hxg4+ 31. Kxg4 Rc1 32. g3 f6 33. Kf3 e5 34. fxe5+ fxe5 35. Nc6 a5 36. a4 Rf1+ 37. Ke2 Rf7 38. b4 e4 39. Rd4 e3 40. bxa5 bxa5 41. Nxa5 Rf2+ 42. Ke1 Ra2 43. b6 Ra1+ 44. Ke2 Ra2+ 45. Kd1 Ke6 46. Rd3 Ra1+ 47. Ke2 1/2-1/2

[Event "Sparkassen Chess Trophy 2024 A-Open"]
[Site "Dortmund"]
[Date "2024.08.14"]
[Round "5"]
[White "Wickenfeld, Stefan"]
[Black "Dornieden, Jonas"]
[Result "0-1"]
[WhiteElo "2206"]
[BlackElo "2075"]
[PlyCount "66"]
[EventDate "2024.08.10"]

1. d4 d5 2. Nf3 Nf6 3. g3 e6 4. Bg2 Be7 5. O-O b5 6. a4 b4 7. c4 bxc3 8. Nxc3 O-O 9. Ne5 Ba6 10. Re1 Nfd7 11. Nxd7 Nxd7 12. e4 c6 13. Bf4 g5 14. Be3 f5 15. exd5 exd5 16. h4 f4 17. gxf4 gxf4 18. Qg4+ Kh8 19. Bxf4 Bxh4 20. Re6 Bxf2+ 21. Kxf2 Qb8 22. Kg3 Qxb2 23. Rh1 Rf7 24. Nxd5 cxd5 25. Rxa6 Qc3+ 26. Bf3 Qxd4 27. Rd1 Qc3 28. Rxd5 Rg8 29. Rg5 Rxg5 30. Bxg5 Ne5 31. Rf6 Nxg4 32. Rxf7 Kg8 33. Re7 Ne5 0-1